Respuesta de la productividad de trigo tratado con Azospirillum brasilense en la región semiárida bonaerense /
Guardado en:
| Autor Principal: | |
|---|---|
| Autor Corporativo: | |
| Otros Autores: | |
| Formato: | Libro |
| Idioma: | Spanish |
| Publicado: |
Bahía Blanca,
2018.
|
| Etiquetas: |
Agregar Etiqueta
Sin Etiquetas, Sea el primero en etiquetar este registro!
|
| LEADER | 00790nam a22001815a 4500 | ||
|---|---|---|---|
| 001 | EEA.libagro011069 | ||
| 005 | 20190311095847.0 | ||
| 008 | 190211s2018####ag############000#0#spa#d | ||
| 041 | 1 | |a spa | |
| 082 | 0 | 4 | |a 633.11 |2 21 |
| 100 | 1 | |a Decandía, María Elisa. | |
| 245 | 1 | 0 | |a Respuesta de la productividad de trigo tratado con Azospirillum brasilense en la región semiárida bonaerense / |c María Elisa Decandía. |
| 260 | |a Bahía Blanca, |c 2018. | ||
| 300 | |a 41 h. : |b il. col., fot. col. ; |c 30 cm. | ||
| 500 | |a Trabajo de intensificación (Ingeniero Agrónomo) -- Universidad Nacional del Sur. Departamento de Agronomía, 2018. | ||
| 700 | 1 | |a Bravo, Oscar Abel, |e tutor. | |
| 710 | 2 | |a Universidad Nacional del Sur. |b Departamento de Agronomía. | |
| 859 | |a AR-BbBCA |b BIB. AGRONOMIA |h 633.11 |i D291 |p 2019/6989 | ||
